000 00587nam a2200181 a 4500
001 000005348
005 20200929151641.0
008 090819s1994 es 001 spa d
020 _a840007416
040 _aDO-SdBNP
_bspa
_cBNPHU
100 1 _aÁlvarez Casado, Ana Isabel
_915169
245 1 0 _aRepertorio bibliográfico artístico en prensa periódica española 1936-19488 /
_cAna Isabel Álvarez Casado.
260 _aMadrid, España,
_c1994.
300 _a172 p. ;
_c24 cm.
500 _aIncluye datos biográficos del autor
500 _aIncluye tabla de contenido
049 _aBNPD
999 _c5149
_d5149